000 00460nam a2200169Ia 4500
005 20250508151400.0
008 008 250505s9999 xx 000 0 eng d
037 _aTextual
040 _aFEDL
_beng
_cFEDL
041 _aeng
_2eng
084 _a796.54, GRE
_qFEDL
245 0 _aOrganised camping
260 _aLondon, UK
_bHis Majesty's Stationery Office
_c1948
300 _a59p.
942 _cTEXL
_h796.54, GRE
999 _c1329416
_d1329416